Environmental Valuation with Discrete Choice Experiments (Record no. 26626)

MARC details
000 -LEADER
fixed length control field 00989nam a2200121Ia 4500
008 - FIXED-LENGTH DATA ELEMENTS--GENERAL INFORMATION
fixed length control field 220620s9999||||xx |||||||||||||| ||und||
100 ## - MAIN ENTRY--PERSONAL NAME
Personal name Mariel, Petr||Hoyos, David||Meyerhoff, Jürgen||Czajkowski, Mikolaj||Dekker, Thijs||Glenk, Klaus||Jacobsen, Jette Bredahl||Liebe, Ulf||Olsen, Søren Bøye||Sagebiel, Julian||Thiene, Mara
245 #0 - TITLE STATEMENT
Title Environmental Valuation with Discrete Choice Experiments
Remainder of title Guidance on Design, Implementation and Data Analysis
546 ## - LANGUAGE NOTE
Language note English[eng]
650 ## - SUBJECT ADDED ENTRY--TOPICAL TERM
Topical term or geographic name entry element Environmental Economics||Environmental Policy||Economic Theory/Quantitative Economics/Mathematical Methods||Quantitative Economics||Discrete choice experiment||Stated preference method||Environmental valuation||Survey and questionnaire design||Discrete Choice Modelling||Open access||Central / national / federal government policies||Economic theory & philosophy
856 ## - ELECTRONIC LOCATION AND ACCESS
Uniform Resource Identifier <a href="https://library.oapen.org/bitstream/20.500.12657/43295/1/2021_Book_EnvironmentalValuationWithDisc.pdf">https://library.oapen.org/bitstream/20.500.12657/43295/1/2021_Book_EnvironmentalValuationWithDisc.pdf</a>
942 ## - ADDED ENTRY ELEMENTS (KOHA)
Koha item type E-Books
Holdings
Withdrawn status Lost status Damaged status Not for loan Home library Current library Date acquired Total Checkouts Date last seen Price effective from Koha item type
        Kerala University of Digital Sciences, Innovation and Technology Knowledge Centre Kerala University of Digital Sciences, Innovation and Technology Knowledge Centre 20/06/2022   20/06/2022 20/06/2022 E-Books